Vista normal
Vista MARC
Entrada Personal Name
Número de registros utilizados en: 1
001 - CONTROL NUMBER
- control field: 3372
003 - CONTROL NUMBER IDENTIFIER
- control field: OSt
005 - DATE AND TIME OF LATEST TRANSACTION
- control field: 20240416133902.0
008 - FIXED-LENGTH DATA ELEMENTS
- fixed length control field: 240416|| aca||aabn | a|a d
040 ## - CATALOGING SOURCE
- Original cataloging agency: OSt
- Transcribing agency: OSt
100 ## - HEADING--PERSONAL NAME
- Personal name: kazerooni, Ella A
670 ## - SOURCE DATA FOUND
- Source citation: Work cat.: (OSt)2569: kazerooni, Ella A., Radiología cardiopulmonar /, 2006.